Carregant...

Recent advances in marine biology

Dades bibliogràfiques
Autor principal: James, P S B R
Format: Printed Book
Publicat: Today & Tomorrows Printers & Publishers, New Delhi 1986
Matèries:
LEADER 00583nam a2200193 4500
020
082 |a 578.77 JAM-R 
100 |a James, P S B R 
245 |a Recent advances in marine biology 
250
260 |a Today & Tomorrows Printers & Publishers, New Delhi  |c 1986 
300 |a 591 
490
500
590 |a Vineesh  |b 2011-03-24 08:37:11 
650 |a Marine biology-- Biological oceanography, Marine Science 
942 |c BK 
999 |c 96441  |d 96441 
952 |0 0  |1 0  |4 0  |6 578_770000000000000_JAMR  |7 0  |9 109909  |a AQU  |b AQU  |l 0  |o 578.77 JAM-R  |p AQU02819  |r 2019-09-25  |w 2019-09-25  |y BK